000 00585nam a2200181Ia 4500
005 20250423100933.0
008 250422s9999 xx 000 0 und d
020 _a9781138776456
050 _aPN 4550 .L57/
100 _aLipschultz, Jeremy Harris
245 0 _aSocial media communication : concepts, practices, data, law and ethics
260 _aNew York
260 _bRoutledge
260 _c2015
300 _a251 p
650 _aSocial media. Social networks. Online social networks. Social media--Law and legislation. Social media--Moral and ethical aspects
942 _cBK
999 _c34800
_d34800